00402pab a2200145 454500008004000000100001700040245007000057260000900127300001500136362000800151650002500159700001600184700002000200773003600220180718b2008 xxu||||| |||| 00| 0 eng d aNapier, N.K. aManagement education in emerging economies: the impossible dream? c2008 ap.792-819. aDec aManagement education aUsui, Kengo aHarvey, Michael aJournal of Management Education